000 00502nam a2200169Ia 4500
008 151213s9999 xx 000 0 und d
020 _a521-77407-1
100 _aAdrian Dott /Christopher Jones
245 _aPr-Intermediate Classroom Book Language in Use
_cAdrian Dott /Christopher Jones
250 _a1st
260 _aU.K.
_bCambridge Universitty Press
_c1991
300 _a4857 p.
650 _aEnglish
650 _aEnglish Language
700 _aAdrian Dott /Christopher Jones
999 _c3053
_d3053